000 00289nam a2200109Ia 4500
008 240521s1999 xx 000 0 und d
041 _aeng
100 _aBENG T. H.
245 _aTROPICAL ARCHITECTURE AND INTERIORS.
260 _bPAGE ONE PUBLISHING SINGAPORE 0511
_c1999
300 _a220
999 _c1158125
_d1158125